| 000 | 00481nam a2200157 i 4500 | ||
|---|---|---|---|
| 001 | 55468 | ||
| 003 | ES-MaACL | ||
| 005 | 20230906163143.0 | ||
| 007 | t| | ||
| 008 | 030922s1950 sp ||||1| spa d | ||
| 100 | 1 |
_aDerqui Morilla, Fernando. _943794 |
|
| 245 | 1 | 0 |
_aPilotaje moldeado _b: el caldeo por enclaustración / _cpor F. Derqui. |
| 260 |
_aMadrid : _b[s.n.], _c1950 ( _fGráf. Onofre Alonso) |
||
| 300 |
_a20 cm : _bil. ; _c20 cm. |
||
| 852 |
_aES-MaACL _j1920-F-13 _bR.29993 |
||
| 999 |
_c55468 _d55468 |
||